Central Library OPAC University of Rajshahi

Religious and political trends in modern Egypt / (Record no. 64595)

MARC details
000 -LEADER
fixed length control field 00925nam a2200265 a 4500
001 - CONTROL NUMBER
control field 64595
003 - CONTROL NUMBER IDENTIFIER
rucl marc code BD-RjUL
005 - DATE AND TIME OF LATEST TRANSACTION
control field 20211209081327.0
008 - FIXED-LENGTH DATA ELEMENTS--GENERAL INFORMATION
fixed length control field 170216s1950 dcu b 001 0 eng
035 ## - SYSTEM CONTROL NUMBER
System control number (BD-RjUL)64725
040 ## - CATALOGING SOURCE
Original cataloging agency DLC
Transcribing agency NBuU
Modifying agency BD-RjUL
Language of cataloging eng
041 ## - LANGUAGE CODE
Language code of text/sound track or separate title eng
082 ## - DEWEY DECIMAL CLASSIFICATION NUMBER
Classification number 962.051
Edition number 23
Author mark and year HER 1950
100 2# - MAIN ENTRY--PERSONAL NAME
Personal name Heyworth-Dunne, James.
9 (RLIN) 191574
245 10 - TITLE STATEMENT
Title Religious and political trends in modern Egypt /
Statement of responsibility, etc. J Heyworth-Dunne
260 ## - PUBLICATION, DISTRIBUTION, ETC. (IMPRINT)
Place of publication, distribution, etc. Washington :
Name of publisher, distributor, etc. The author,
Date of publication, distribution, etc. 1950.
300 ## - PHYSICAL DESCRIPTION
Pagination x, 126 p. ;
Size 23 cm.
490 1# - SERIES STATEMENT
Series statement His Near and Middle East monographs,
Volume/sequential designation 1
504 ## - BIBLIOGRAPHY, ETC. NOTE
Bibliography, etc Bibliographical references included in "Additional notes" (p. 82-101)
600 10 - SUBJECT ADDED ENTRY--PERSONAL NAME
Personal name Bannā, Ḥasan,
Dates associated with a name 1906-1949.
610 20 - SUBJECT ADDED ENTRY--CORPORATE NAME
Corporate name or jurisdiction name as entry element Jamʻīyat al-Ikhwān al-Muslimīn (Egypt)
651 #0 - SUBJECT ADDED ENTRY--GEOGRAPHIC NAME
Geographic name Egypt
General subdivision Politics and government.
9 (RLIN) 191577
830 ## - SERIES ADDED ENTRY--UNIFORM TITLE
Uniform title His Near and Middle East monographs,
Volume number/sequential designation 1
942 ## - ADDED ENTRY ELEMENTS (KOHA)
Source of classification or shelving scheme Dewey Decimal Classification
Koha item type Books
Holdings
Lost status Source of classification or shelving scheme Damaged status Not for loan Collection code Permanent Location Current Location Shelving location Date acquired Source of acquisition Cost, normal purchase price Total Checkouts Full call number Date last seen Copy number Koha item type
  Dewey Decimal Classification   Not For Loan Non-fiction Central Library, University of Rajshahi Central Library, University of Rajshahi Reading Room 06/10/1966 A.H.quraishi 14.40   962.051 HER 1950 16/02/2017 C-1 Books